000 00387nam a22001577a 4500
003 MPLRDC
005 20220104123812.0
008 210129b ||||| |||| 00| 0 eng d
082 _a782.89 LBY
100 _a刘宾雁等 著
245 _a文学和文学家的故事
_c
260 _a
_b广角镜出版社
_c1981
300 _b
650 _a中国传记
942 _cBK
_o782.89 LBY
999 _c14315
_d14305